Score 0/16 Timer 04:00
0 Plays Today
Movie Title Missing Word % Correct
The _____ with the Golden GunMan
94.9%
Austin _____ in GoldmemberPowers
94.9%
Silver _____ PlaybookLinings
86.5%
On Golden _____Pond
83.6%
_____ Bud: Golden ReceiverAir
82.9%
City ____ II: The Legend of Curly's GoldSlickers
78.2%
____'s GoldFool
72.7%
Fantastic 4: Rise of the Silver _____Surfer
71.9%
Movie Title Missing Word % Correct
Elizabeth: The Golden _____Age
71.5%
The Golden _____Child
53.7%
The Golden _____Compass
47.4%
The Gold ____Rush
47.1%
_____'s GoldUlee
39.3%
____ SilvermanSaving
35.1%
____ in GoldWoman
34.5%
Hellboy II: The Golden _____Army
31%

Today's Daily Dose

Remove Ads.
Support Sporcle.
Get the best of Sporcle when you Go Orange. This ad-free experience offers more features, more stats, and more fun while also helping to support Sporcle. Thank you for becoming a member.

You're not logged in!

Compare scores with friends on all Sporcle quizzes.
OR
Log In

Show Comments

Extras

Top Quizzes Today


Score Distribution

Your Account Isn't Verified!

In order to create a playlist on Sporcle, you need to verify the email address you used during registration. Go to your Sporcle Settings to finish the process.

Report this User

Report this user for behavior that violates our Community Guidelines.

Details: